000051538 001__ 51538
000051538 005__ 20230317221136.0
000051538 0247_ $$2doi$$a10.1007/BF01303834
000051538 0247_ $$2ISSN$$a1434-601X
000051538 0247_ $$2ISSN$$a1434-6001
000051538 0247_ $$2ISSN$$a1431-5831
000051538 0247_ $$2WOS$$aWOS:A1991GG69900013
000051538 037__ $$aGSI-2013-03061
000051538 041__ $$aEnglish
000051538 082__ $$a530
000051538 1001_ $$0P:(DE-HGF)0$$aWidmann, E.$$b0$$eCorresponding author
000051538 245__ $$aLimits for two-photon and $e^+ e^-$ decay widths of positron-electron scattering resonances for $\sqrt{s}=$1.78 to 1.92 MeV
000051538 260__ $$aBerlin$$bSpringer$$c1991
000051538 3367_ $$0PUB:(DE-HGF)16$$2PUB:(DE-HGF)$$aJournal Article$$bjournal$$mjournal$$s1368172332_21405
000051538 3367_ $$2DRIVER$$aarticle
000051538 3367_ $$2BibTeX$$aARTICLE
000051538 3367_ $$00$$2EndNote$$aJournal Article
000051538 536__ $$0G:(DE-HGF)POF2-899$$a899 - ohne Topic (POF2-899)$$cPOF2-899$$fPOF I$$x0
000051538 588__ $$aDataset connected to CrossRef, repository.gsi.de
000051538 7001_ $$0P:(DE-HGF)0$$aBauer, W.$$b1
000051538 7001_ $$0P:(DE-HGF)0$$aConnell, S.$$b2
000051538 7001_ $$0P:(DE-HGF)0$$aMaier, K.$$b3
000051538 7001_ $$0P:(DE-HGF)0$$aMajor, J.$$b4
000051538 7001_ $$0P:(DE-HGF)0$$aSeeger, A.$$b5
000051538 7001_ $$0P:(DE-Ds200)OR0145$$aBosch, F.$$b6$$ugsi
000051538 7001_ $$0P:(DE-HGF)0$$aStoll, H.$$b7
000051538 773__ $$0PERI:(DE-600)1459066-9$$a10.1007/BF01303834$$gVol. 340, no. 2, p. 209 - 218$$n2$$p209 - 218$$tThe @European physical journal / A$$v340$$x1434-601X$$y1991
000051538 909CO $$ooai:repository.gsi.de:51538$$pVDB
000051538 9101_ $$0I:(DE-Ds200)20121206GSI$$6P:(DE-Ds200)OR0145$$aGSI Helmholtzzentrum für Schwerionenforschung GmbH$$b6$$kGSI
000051538 9131_ $$0G:(DE-HGF)POF2-899$$1G:(DE-HGF)POF2-890$$2G:(DE-HGF)POF2-800$$3G:(DE-HGF)POF2$$4G:(DE-HGF)POF$$aDE-HGF$$bProgrammungebundene Forschung$$lohne Programm$$vohne Topic$$x0
000051538 915__ $$0StatID:(DE-HGF)0010$$2StatID$$aJCR/ISI refereed
000051538 915__ $$0StatID:(DE-HGF)0100$$2StatID$$aJCR
000051538 915__ $$0StatID:(DE-HGF)0110$$2StatID$$aWoS$$bScience Citation Index
000051538 915__ $$0StatID:(DE-HGF)0111$$2StatID$$aWoS$$bScience Citation Index Expanded
000051538 915__ $$0StatID:(DE-HGF)0150$$2StatID$$aDBCoverage$$bWeb of Science Core Collection
000051538 915__ $$0StatID:(DE-HGF)0199$$2StatID$$aDBCoverage$$bThomson Reuters Master Journal List
000051538 915__ $$0StatID:(DE-HGF)0200$$2StatID$$aDBCoverage$$bSCOPUS
000051538 915__ $$0StatID:(DE-HGF)0420$$2StatID$$aNationallizenz
000051538 915__ $$0StatID:(DE-HGF)1020$$2StatID$$aDBCoverage$$bCurrent Contents - Social and Behavioral Sciences
000051538 920__ $$lyes
000051538 9201_ $$0I:(DE-Ds200)ATP-20051214OR020$$kATP$$lAtomphysik$$x0
000051538 980__ $$ajournal
000051538 980__ $$aVDB
000051538 980__ $$aI:(DE-Ds200)20110830OR020
000051538 980__ $$aI:(DE-Ds200)ATP-20051214OR020
000051538 980__ $$aUNRESTRICTED